| 000 | 00704nam a22002297a 4500 | ||
|---|---|---|---|
| 003 | LK-CoDNM | ||
| 005 | 20241008100800.0 | ||
| 008 | 241008b |||||||| |||| 00| 0 eng d | ||
| 040 |
_aLK-CoDNM _dLK-CoDNM _eLK-CoDNM |
||
| 041 | _asin | ||
| 080 |
_a105 _bA35 |
||
| 100 | _aනාඋයනේ අරියධම්ම හිමි | ||
| 245 | _aසිවු බඹ විහරණය | ||
| 260 |
_aකොළඹ 10 _bසමයවර්ධන _c1996 |
||
| 300 | _b19p. ; 24 cm | ||
| 650 | _aසිවු බඹ විහරණය | ||
| 650 | _aනාඋයනේ අරියධම්ම හිමි | ||
| 650 | _aසමයවර්ධන | ||
| 650 | _a1996 | ||
| 650 | _a105 A35 | ||
| 942 | _cBK | ||
| 999 |
_c218204 _d218204 |
||